[Event "Tourn. n9714"]
[Site "www.chess-mail.com"]
[Date "2018.04.19"]
[Round "1"]
[White "Esperanza"]
[Black "Piekki"]
[WhiteElo "2020"]
[BlackElo "2170"]
[Result "0-1"]
[Round "1"]
1.d4 e6
2.c4 f5
3.Nb1c3 Ng8f6
4.Bc1g5 Bf8e7
5.Bg5xf6 Be7xf6
6.e4 fxe4
7.Nc3xe4 O-O
8.Ng1f3 b6
9.Bf1d3 Bc8b7
10.Qd1e2 Nb8c6
11.Ne4xf6 Qd8xf6
12.Qe2e4 g6
13.Bd3e2 Ra8e8
14.O-O Nc6d8
15.Qe4e3 Nd8f7
16.Ra1d1 Nf7d6
17.Nf3e5 Qf6g7
18.Qe3a3 a6
19.b4 Nd6f5
20.Be2f3 Nf5xd4
21.Bf3xb7 Qg7xe5
 { time }
0-1

[Event "Tourn. n9750"]
[Site "www.chess-mail.com"]
[Date "2018.04.19"]
[Round "1"]
[White "Esperanza"]
[Black "Apdash"]
[WhiteElo "2040"]
[BlackElo "2200"]
[Result "0-1"]
[Round "1"]
1.d4 Ng8f6
2.c4 d5
3.cxd5 Nf6xd5
4.e4 Nd5b6
5.Ng1f3 e6
6.Bf1d3 c5
7.O-O cxd4
8.Nf3xd4 Bc8d7
9.Nb1c3 Bf8b4
10.Qd1g4 Qd8f6
 { time }
0-1

[Event "Tourn. n9761"]
[Site "www.chess-mail.com"]
[Date "2018.04.19"]
[Round "1"]
[White "Saffron"]
[Black "Dussek"]
[WhiteElo "1649"]
[BlackElo "1680"]
[Result "1-0"]
[Round "1"]
1.d4 d5
2.Ng1f3 e6
3.c4 c6
4.Nb1c3 Ng8f6
5.Bc1g5 Bf8e7
6.e3 O-O
7.Bf1d3 Nb8d7
8.O-O h6
9.Bg5h4 a6
10.Ra1c1 Nf6h7
11.Bh4g3 f5
12.Nc3e2 Nd7f6
13.Ne2f4 Qd8e8
14.Nf3e5 Nf6e4
15.Nf4g6 Rf8f7
16.Ne5xf7 Qe8xf7
17.Ng6xe7 Qf7xe7
18.Bg3e5 Bc8d7
19.f3 Ne4g5
20.Qd1b3 Bd7e8
21.cxd5 exd5
22.Bd3xf5 Ng5f7
23.Be5g3 b5
24.Rf1e1 Nh7f6
25.e4 Nf7d6
26.Bg3xd6 { resign }
1-0

[Event "Tourn. n9706"]
[Site "www.chess-mail.com"]
[Date "2018.04.19"]
[Round "1"]
[White "Attatroll"]
[Black "Andychesston"]
[WhiteElo "1940"]
[BlackElo "1890"]
[Result "1-0"]
[Round "1"]
1.e4 e5
2.Ng1f3 Nb8c6
3.d4 d5
4.dxe5 d4
5.Bf1b5 Bc8g4
6.Bb5xc6 bxc6
7.Qd1xd4 Bg4xf3
8.Qd4xd8 Ra8xd8
9.gxf3 Bf8c5
10.Nb1c3 Ng8e7
11.Bc1g5 h6
12.Bg5h4 g5
13.Bh4g3 Rd8b8
14.O-O Ne7g6
15.Nc3a4 Bc5d4
16.c3 Bd4xe5
17.Ra1b1 Be5xg3
18.fxg3 Rb8b5
19.b3 O-O
20.Rf1d1 h5
21.Na4b2 h4
22.Rd1d7 Ng6e5
23.Rd7xc7 Ne5xf3
24.Kf2 Nf3xh2
25.Rc7xa7 Nh2g4
26.Kg2 Rf8d8
27.Nb2c4 h3
28.Kf3 Ng4e5
29.Nc4xe5 Rb5xe5
30.a4 Rd8d3
31.Kg4 h2
32.Rb1h1 Re5xe4
33.Kf5 Re4e2
34.Ra7c7 Rd3xg3
35.Rc7xc6 Re2f2
36.Ke4 f5
37.Kd4 Rf2f4
38.Ke5 Rg3e3
39.Kd5 Rf4f2
40.Rc6g6 Kf7
41.Rg6xg5 Kf6
42.Rg5h5 Rf2d2
43.Kc4 Re3e2
44.a5 Ke5
45.a6 Re2e4
46.Kc5 Rd2d5
47.Kb6 Rd5d6
48.Kc7 Rd6xa6
49.Rh1xh2 Re4g4
50.Rh2e2 Kf6
51.Rh5h6 Rg4g6
52.Rh6xg6 Kxg6
53.b4 Kg5
54.b5 Ra6a4
55.Re2c2 Ra4c4
56.Kd6 Kf4
57.b6 Ke3
58.b7 Kd3
59.Rc2b2 Kxc3
60.b8Q f4
61.Qb8b3 Kd4
62.Rb2d2 Ke4
63.Qb3xc4 Kf5
64.Rd2f2 Kg4
65.Qc4xf4 Kh5
66.Qf4g3 Kh6
67.Rf2h2 
1-0

[Event "Tourn. n9764"]
[Site "www.chess-mail.com"]
[Date "2018.04.19"]
[Round "1"]
[White "Seger"]
[Black "Jose"]
[WhiteElo "2780"]
[BlackElo "2780"]
[Result "1/2-1/2"]
[Round "1"]
1.d4 d5
2.c4 c5
3.cxd5 Qd8xd5
4.Ng1f3 cxd4
5.Nb1c3 Qd5a5
6.Nf3xd4 Ng8f6
7.Nd4b3 Qa5c7
8.e4 Nb8c6
9.Bc1e3 e5
10.Nc3d5 Qc7d6
11.Bf1b5 Nf6xd5
12.Qd1xd5 Bc8e6
13.Qd5xd6 Bf8xd6
14.O-O Be6xb3
15.axb3 a6
16.Rf1d1 Ke7
17.Bb5c4 f6
18.g3 Rh8c8
19.Rd1d2 Rc8d8
20.Bc4d5 Rd8d7
21.Ra1d1 Ra8d8
22.Be3b6 Bd6c7
23.Bb6c5 Bc7d6
24.Bc5e3 g6
25.Kf1 Nc6b4
26.Bd5c4 Nb4c6
27.Rd1c1 Bd6b8
28.Rd2xd7 Kxd7
29.Bc4d5 Bb8d6
30.Kg2 Nc6b4
31.Be3b6 Rd8f8
32.Bd5c4 Ke7
33.Bc4e2 h5
34.h4 Rf8g8
35.Kh3 Nb4c6
36.Bb6e3 Nc6d4
{ draw }
1/2-1/2

[Event "Tourn. n9723"]
[Site "www.chess-mail.com"]
[Date "2018.04.19"]
[Round "1"]
[White "Falcoale"]
[Black "Esperanza"]
[WhiteElo "1990"]
[BlackElo "2040"]
[Result "1-0"]
[Round "1"]
1.e4 c5
2.Ng1f3 d6
3.b3 e6
4.Bc1b2 Ng8f6
5.Nb1c3 Bf8e7
6.Bf1e2 O-O
7.O-O Nb8c6
8.d4 cxd4
9.Nf3xd4 a6
10.Nd4f3 Qd8c7
11.h3 b5
12.Be2d3 Bc8b7
13.a3 b4
14.Nc3e2 Rf8d8
15.Ne2g3 h6
16.c4 bxc3
17.Bb2xc3 Ra8c8
18.Rf1e1 Nc6e5
19.Ra1c1 Ne5xd3
20.Qd1xd3 Qc7b6
21.Bc3d4 Qb6b5
22.Qd3xb5 axb5
23.Nf3h2  { time }
1-0

[Event "Tourn. n9734"]
[Site "www.chess-mail.com"]
[Date "2018.04.19"]
[Round "1"]
[White "Apdash"]
[Black "Esperanza"]
[WhiteElo "2170"]
[BlackElo "2040"]
[Result "1-0"]
[Round "1"]
1.e4 c5
2.Ng1f3 d6
3.d4 cxd4
4.Nf3xd4 Ng8f6
5.Nb1c3 e6
6.Bc1g5 a6
7.a4 Bf8e7
8.Bf1c4 Qd8a5
9.O-O Qa5xg5
10.Qd1e2 O-O
11.Kh1 Nb8c6
12.f4 Qg5a5
13.Nd4xc6 bxc6
14.e5 Nf6d5
15.Nc3e4 Nd5xf4
16.Rf1xf4  { time }
1-0

[Event "Tourn. n9722"]
[Site "www.chess-mail.com"]
[Date "2018.04.19"]
[Round "1"]
[White "Fabos12"]
[Black "Esperanza"]
[WhiteElo "2010"]
[BlackElo "2040"]
[Result "1-0"]
[Round "1"]
1.d4 d5
2.Ng1f3 e6
3.Bc1f4 Ng8f6
4.h3 c5
5.c3 Qd8b6
6.Qd1c2 Nb8c6
7.e3 Bc8d7
8.a4 Ra8c8
9.Bf1b5 Bf8e7
10.Bb5xc6 Bd7xc6
11.Nf3e5 O-O
12.O-O h6
13.Nb1a3 a6
14.Ra1b1  { time }
1-0

[Event "Tourn. n9732"]
[Site "www.chess-mail.com"]
[Date "2018.04.19"]
[Round "1"]
[White "Sorim"]
[Black "Esperanza"]
[WhiteElo "2070"]
[BlackElo "2040"]
[Result "1-0"]
[Round "1"]
1.d4 d5
2.Ng1f3 Ng8f6
3.c4 e6
4.Bc1g5 Bf8e7
5.e3 O-O
6.Bf1d3 h6
7.Bg5h4 b6
8.O-O Bc8b7
9.Nb1d2 Nb8d7
10.Ra1c1 c5
11.Nd2b3 Ra8c8
12.Qd1e2  { time }
1-0

[Event "Tourn. n9728"]
[Site "www.chess-mail.com"]
[Date "2018.04.19"]
[Round "1"]
[White "Esperanza"]
[Black "Orhany24"]
[WhiteElo "2040"]
[BlackElo "2120"]
[Result "0-1"]
[Round "1"]
1.d4 d5
2.c4 Ng8f6
3.cxd5 Nf6xd5
4.e4 Nd5f6
5.Nb1c3 c5
6.Ng1f3 cxd4
7.Qd1xd4 Qd8xd4
8.Nf3xd4 a6
9.a4 e5
10.Nd4f3 Nb8c6
11.Bf1c4 Bf8b4
12.Nf3g5 O-O
13.Bc4d3 h6
14.Ng5f3 Bc8g4
15.Nf3d2 Rf8d8
16.Bd3b1 Nc6d4
17.f3 Bg4e6
 { time }
0-1

[Event "Tourn. n9734"]
[Site "www.chess-mail.com"]
[Date "2018.04.19"]
[Round "1"]
[White "Piekki"]
[Black "Esperanza"]
[WhiteElo "2190"]
[BlackElo "2040"]
[Result "1-0"]
[Round "1"]
1.d4 d5
2.Bc1f4 e6
3.Ng1f3 Ng8f6
4.Nb1d2 c5
5.e3 Qd8b6
6.Qd1c1 Nb8c6
7.dxc5 Bf8xc5
8.Bf1e2 O-O
9.c3 Rf8e8
10.b4 Bc5f8
11.Qc1c2 e5
12.Bf4g5 Nc6b8
13.O-O  { time }
1-0

[Event "Tourn. n9776"]
[Site "www.chess-mail.com"]
[Date "2018.04.19"]
[Round "1"]
[White "Julian"]
[Black "Reda"]
[WhiteElo "1920"]
[BlackElo "1840"]
[Result "1-0"]
[Round "1"]
1.d4 d5
2.c4 Ng8f6
3.Nb1c3 dxc4
4.e4 e6
5.Bf1xc4 c5
6.Ng1f3 cxd4
7.Qd1xd4 Qd8xd4
8.Nf3xd4 Bf8b4
9.O-O O-O
10.Bc1g5 Bb4xc3
11.bxc3 Nf6xe4
12.Bg5e7 Rf8e8
13.Be7a3 Nb8d7
14.Ra1e1 Ne4xc3
15.Nd4b5 Nc3xb5
16.Bc4xb5 a6
17.Bb5a4 b5
18.Ba4c2 a5
19.Ba3d6 Ra8a6
20.Bd6g3 Ra6c6
21.Bc2e4 Rc6c2
22.Be4xc2 Nd7c5
23.h4 a4
24.Bg3d6 Nc5b7
25.Bd6b4 Re8d8
26.h5 h6
27.a3 Rd8d5
28.Bc2d1 Nb7d8
29.Bd1f3 Rd5g5
30.Bb4e7 Nd8b7
31.Be7xg5 hxg5
32.Re1e5 { resign }
1-0

[Event "Tourn. n9718"]
[Site "www.chess-mail.com"]
[Date "2018.04.19"]
[Round "1"]
[White "Esperanza"]
[Black "Wegaman"]
[WhiteElo "2020"]
[BlackElo "2040"]
[Result "0-1"]
[Round "1"]
1.d4 d5
2.c4 e6
3.Nb1c3 Bf8b4
4.cxd5 exd5
5.Ng1f3 Ng8f6
6.Bc1g5 O-O
7.e3 h6
8.Bg5xf6 Qd8xf6
9.Bf1d3 Bc8g4
10.O-O c6
11.Bd3e2 Bg4xf3
12.Be2xf3 Nb8d7
13.Qd1b3 Bb4xc3
14.bxc3 b6
15.c4 dxc4
16.Qb3xc4 Ra8c8
17.Rf1c1 c5
 { time }
0-1

[Event "Tourn. n9756"]
[Site "www.chess-mail.com"]
[Date "2018.04.19"]
[Round "1"]
[White "Bojan"]
[Black "Esperanza"]
[WhiteElo "1880"]
[BlackElo "2040"]
[Result "1-0"]
[Round "1"]
1.e4 c5
2.Ng1f3 d6
3.c3 Ng8f6
4.h3 Nb8c6
5.Qd1c2 e6
6.d3 Bf8e7
7.Bc1e3 O-O
8.Nb1d2 Qd8c7
9.Bf1e2 b6
10.Nf3h2 Bc8a6
11.f4  { time }
1-0

[Event "Tourn. n9758"]
[Site "www.chess-mail.com"]
[Date "2018.04.19"]
[Round "1"]
[White "Sefj"]
[Black "Bigrezi"]
[WhiteElo "2120"]
[BlackElo "2290"]
[Result "0-1"]
[Round "1"]
1.Ng1f3 d5
2.e4 dxe4
3.Nf3g5 Ng8f6
4.Bf1c4 e6
5.Nb1c3 Nb8c6
6.O-O Bf8e7
7.Rf1e1 a6
8.Nc3xe4 O-O
9.c3 Nc6e5
10.Ne4xf6 Be7xf6
11.Ng5e4 Ne5xc4
12.Ne4xf6 Qd8xf6
13.b3 Nc4d6
14.d4 b6
15.Bc1b2 Bc8b7
16.g3 c5
17.dxc5 bxc5
 { time }
0-1

[Event "Tourn. n9671"]
[Site "www.chess-mail.com"]
[Date "2018.04.19"]
[Round "1"]
[White "Osopanda"]
[Black "Claymil"]
[WhiteElo "1790"]
[BlackElo "2030"]
[Result "0-1"]
[Round "1"]
1.d4 d5
2.c4 e6
3.Nb1c3 g6
4.Ng1f3 h6
5.e3 Bf8g7
6.Bf1d3 dxc4
7.Bd3xc4 a6
8.O-O Ng8e7
9.Qd1e2 O-O
10.b4 b5
11.Bc4b3 Bc8b7
12.Bc1b2 Nb8d7
13.Ra1c1 Ra8c8
14.Rf1d1 c6
15.e4 Qd8b6
16.d5 cxd5
17.exd5 Ne7xd5
18.Nc3xd5 exd5
19.Rc1xc8 Rf8xc8
20.Bb2xg7 Kxg7
21.h4 Nd7f6
22.Qe2e5 Rc8e8
23.Qe5d4 Qb6xd4
24.Rd1xd4 Re8e4
25.Rd4xe4 dxe4
26.Nf3e5 Nf6d5
27.a3 Kf6
28.Ne5g4 Kg7
29.Ng4e5 f5
30.g4 Kf6
31.Ne5d7 Ke7
32.Nd7c5 Bb7c6
33.Nc5xa6 Nd5f4
34.Na6c7 fxg4
35.Kh2 Kd6
36.Nc7a6 Nf4d3
37.Kg3 h5
38.Bb3f7 Nd3e5
39.Bf7b3 Ne5d3
40.Na6c5 Nd3xc5
41.bxc5 Ke5
42.Bb3f7 Kf5
43.Bf7b3 g5
44.hxg5 Kxg5
45.Bb3e6 h4
46.Kh2 Kf4
47.Be6b3 g3
48.fxg3 hxg3
49.Kg1 e3
50.Kf1 g2
51.Kg1 e2
{ resign }
0-1

[Event "Tourn. n9733"]
[Site "www.chess-mail.com"]
[Date "2018.04.19"]
[Round "1"]
[White "Esperanza"]
[Black "Awfen"]
[WhiteElo "2040"]
[BlackElo "2090"]
[Result "0-1"]
[Round "1"]
1.d4 d5
2.c4 dxc4
3.Ng1f3 Ng8f6
4.e3 e6
5.Bf1xc4 Bf8b4
6.Bc1d2 Bb4d6
7.O-O O-O
8.Nb1c3 a6
9.a4 Nb8c6
10.e4 e5
11.d5 Nc6b4
12.Bd2g5 Bc8g4
13.h3 Bg4h5
14.g4 Bh5g6
15.Nf3h4 Bd6e7
 { time }
0-1

[Event "Tourn. n9717"]
[Site "www.chess-mail.com"]
[Date "2018.04.19"]
[Round "1"]
[White "Piekki"]
[Black "Esperanza"]
[WhiteElo "2170"]
[BlackElo "2020"]
[Result "1-0"]
[Round "1"]
1.e4 c5
2.Ng1f3 d6
3.d4 cxd4
4.Nf3xd4 Ng8f6
5.Nb1c3 e6
6.g3 Bf8e7
7.Bf1g2 O-O
8.O-O a6
9.Bc1e3 Qd8c7
10.f4 Nb8c6
11.Nd4xc6 bxc6
12.Qd1e1 Bc8b7
13.Qe1f2 d5
14.Ra1d1 c5
15.exd5 Nf6xd5
16.Nc3xd5 Bb7xd5
17.Bg2xd5 exd5
18.Rd1xd5 Qc7b7
19.Rf1d1 Qb7xb2
20.Rd5d7  { time }
1-0

[Event "Tourn. n9732"]
[Site "www.chess-mail.com"]
[Date "2018.04.19"]
[Round "1"]
[White "Mitja"]
[Black "Esperanza"]
[WhiteElo "2100"]
[BlackElo "2040"]
[Result "1-0"]
[Round "1"]
1.d4 d5
2.e3 e6
3.c3 c5
4.dxc5 Bf8xc5
5.Nb1d2 Ng8f6
6.Nd2b3 Bc5d6
7.Ng1f3 O-O
8.Bf1e2 Nb8c6
9.Nf3d4 e5
10.Nd4xc6 bxc6
11.O-O Bc8b7
12.h3 h6
13.Nb3d2 e4
14.Rf1e1 Qd8e7
15.Nd2f1 Nf6h7
16.b3 f5
17.Bc1b2 Qe7h4
18.f4 exf3
19.Be2xf3 Nh7g5
20.Qd1e2 Ra8e8
21.Qe2f2 Ng5xf3
22.Qf2xf3  { time }
1-0

[Event "Tourn. n9759"]
[Site "www.chess-mail.com"]
[Date "2018.04.19"]
[Round "1"]
[White "Esperanza"]
[Black "Apdash"]
[WhiteElo "2040"]
[BlackElo "2210"]
[Result "0-1"]
[Round "1"]
1.d4 d5
2.c4 e6
3.Nb1c3 Ng8f6
4.cxd5 exd5
5.Bc1g5 Bc8f5
6.Qd1b3 Bf8e7
7.Qb3xb7 Nb8d7
 { time }
0-1

[Event "Tourn. n9742"]
[Site "www.chess-mail.com"]
[Date "2018.04.19"]
[Round "1"]
[White "Esperanza"]
[Black "Apdash"]
[WhiteElo "2040"]
[BlackElo "2170"]
[Result "0-1"]
[Round "1"]
1.d4 d5
2.c4 e6
3.Nb1c3 c6
4.cxd5 exd5
5.Ng1f3 Ng8f6
6.Bc1g5 Bf8e7
7.e3 Bc8g4
8.Bf1d3 Nb8d7
9.Qd1c2 h6
10.Bg5f4 Ra8c8
11.Nf3e5 Nd7xe5
12.Bf4xe5 O-O
13.h3 Bg4e6
 { time }
0-1

[Event "Tourn. n9716"]
[Site "www.chess-mail.com"]
[Date "2018.04.19"]
[Round "1"]
[White "Esperanza"]
[Black "Hundegana"]
[WhiteElo "2020"]
[BlackElo "2010"]
[Result "0-1"]
[Round "1"]
1.d4 c5
2.d5 Ng8f6
3.c4 Nf6e4
4.Qd1c2 Qd8a5
5.Nb1d2 Ne4xd2
6.Bc1xd2 Qa5b6
7.Ng1f3 d6
8.Bd2c3 Nb8d7
9.e4 Nd7f6
10.Bf1d3 e5
11.dxe6 Bc8xe6
12.O-O Bf8e7
13.Ra1d1 h6
14.Rf1e1 O-O-O
15.e5 dxe5
16.Nf3xe5 Be7d6
17.Bd3f5 Bd6xe5
18.Rd1xd8 Rh8xd8
19.Bc3xe5 Be6xf5
20.Qc2xf5 Qb6e6
21.Qf5xe6 fxe6
22.h3 Nf6e8
23.Be5c3 Rd8d6
24.Kf1 Kd7
 { time }
0-1

[Event "Tourn. n9741"]
[Site "www.chess-mail.com"]
[Date "2018.04.19"]
[Round "1"]
[White "Apdash"]
[Black "Esperanza"]
[WhiteElo "2220"]
[BlackElo "2040"]
[Result "1-0"]
[Round "1"]
1.e4 c5
2.Ng1f3 d6
3.d4 cxd4
4.Nf3xd4 Ng8f6
5.Nb1c3 e6
6.Bc1g5 a6
7.Bf1c4 Qd8a5
8.Bg5xf6 gxf6
9.Nd4b3 Qa5g5
10.Qd1f3 Nb8c6
11.Qf3g3 b5
12.Bc4d3 Bc8b7
13.Nb3d2 b4
14.Nc3a4  { time }
1-0

[Event "Tourn. n9741"]
[Site "www.chess-mail.com"]
[Date "2018.04.19"]
[Round "1"]
[White "Coolant"]
[Black "Apdash"]
[WhiteElo "2240"]
[BlackElo "2220"]
[Result "1-0"]
[Round "1"]
1.d4 d5
2.c4 e6
3.cxd5 exd5
4.Nb1c3 Ng8f6
5.Bc1g5 Bf8e7
6.e3 Nb8d7
7.Ng1f3 c6
8.Bf1d3 h6
9.Bg5h4 b5
10.O-O b4
11.Nc3a4 Nf6e4
12.Bh4xe7 Qd8xe7
13.Qd1c2 Bc8b7
14.Ra1c1 O-O
15.Bd3xe4 dxe4
16.Nf3d2 Rf8e8
17.Na4c5 Nd7xc5
18.Qc2xc5 Qe7xc5
19.Rc1xc5 Bb7a6
20.Rf1c1 Ba6b5
21.Nd2b3 a5
22.d5 Bb5a4
23.dxc6 Ba4xb3
24.axb3 g6
25.h4 Kf8
26.Kh2 f5
27.Kg3 Kf7
28.h5 Re8c8
29.hxg6 Kxg6
30.Kf4 Ra8a6
31.c7 a4
32.bxa4 Ra6xa4
33.Rc5xf5 b3
34.Rc1c6 Kg7
35.Rf5b5 Ra4a7
36.Rb5xb3 Ra7xc7
37.Rc6xc7 Rc8xc7
38.Kxe4 Rc7c2
39.Kf3 Kg6
40.Kg3 h5
41.f4 Kf5
42.Kf3 Rc2c1
43.e4 Kf6
44.Rb3b6 Kg7
45.f5 Rc1f1
46.Ke2 Rf1f4
47.Kd3 Rf4f2
48.b4 Kf7
49.Rb6h6 Rf2xg2
50.Rh6xh5 Kf6
51.Rh5h6 Kf7
52.b5 Rg2b2
53.b6 Ke8
54.e5 Kd8
55.Ke4 Ke8
56.Rh6d6 Ke7
57.f6 Ke8
58.Kf5 Rb2f2
59.Ke6 Rf2f1
60.f7 Rf1xf7
61.Rd6d8 Kxd8
62.Kxf7 { resign }
1-0

[Event "Match"]
[Site "www.echecsemail.com"]
[Date "2018.04.19"]
[Round "1"]
[White "Witpar"]
[Black "Axphis"]
[WhiteElo "2770"]
[BlackElo "2289"]
[Result "1-0"]
[Round "1"]
1.d4 Ng8f6
2.c4 e6
3.Ng1f3 d5
4.g3 Bf8b4
5.Bc1d2 Bb4e7
6.Bf1g2 O-O
7.O-O Nb8d7
8.Qd1c2 c6
9.Rf1d1 Nf6e4
10.Bd2e1 f5
11.e3  { time }
1-0

[Event "Match"]
[Site "www.echecsemail.com"]
[Date "2018.04.19"]
[Round "1"]
[White "Axphis"]
[Black "Aperturaf"]
[WhiteElo "2289"]
[BlackElo "2680"]
[Result "0-1"]
[Round "1"]
1.d4 e6
2.e4 d5
3.Nb1c3 Ng8f6
4.e5 Nf6d7
5.f4 c5
6.Ng1f3 Nb8c6
7.Bc1e3 cxd4
8.Nf3xd4 Bf8c5
9.Qd1d2 Nc6xd4
10.Be3xd4 Bc5xd4
11.Qd2xd4 Qd8b6
 { time }
0-1

[Event "Match"]
[Site "www.echecsemail.com"]
[Date "2018.04.19"]
[Round "1"]
[White "Reignblowcan"]
[Black "Caspito"]
[WhiteElo "1499"]
[BlackElo "1940"]
[Result "1-0"]
[Round "1"]
1.e4 e5
2.Ng1f3 Nb8c6
3.d4 Qd8f6
4.d5 Nc6d4
5.Nf3xd4 exd4
6.Bf1d3 Ng8h6
7.O-O Bf8c5
8.e5 Qf6g6
9.Bd3xg6 hxg6
10.Bc1xh6 Rh8xh6
11.b4 Bc5b6
12.Nb1d2 c6
13.Nd2c4 Bb6c7
14.Qd1xd4 b6
15.Nc4d6 Kf8
16.dxc6 dxc6
17.Nd6xc8 Ra8xc8
18.Qd4d7 Bc7xe5
19.Qd7xc8 Ke7
20.Ra1e1 Kf6
21.Qc8xc6 Kf5
22.Re1xe5 { resign }
1-0

[Event "Match"]
[Site "www.echecsemail.com"]
[Date "2018.04.19"]
[Round "1"]
[White "Irene"]
[Black "Orae"]
[WhiteElo "2010"]
[BlackElo "1760"]
[Result "1-0"]
[Round "1"]
1.d4 g6
2.e4 Bf8g7
3.e5 f6
4.exf6 Ng8xf6
5.Bf1c4 d5
6.Bc4b3 O-O
7.Nb1c3 Rf8e8
8.Ng1e2 e5
9.dxe5 Re8xe5
10.Bc1f4 Re5e7
11.Nc3xd5 Bc8g4
12.Nd5xe7 Kf8
13.Qd1xd8 Nf6e8
14.Bb3a4 Bg7xb2
15.Qd8xe8 Kg7
16.Bf4g5 Bg4e6
17.Ba4b3 Be6f7
18.Qe8xf7 { resign }
1-0

[Event "Match"]
[Site "www.echecsemail.com"]
[Date "2018.04.19"]
[Round "1"]
[White "Osvalazo"]
[Black "Irene"]
[WhiteElo "1860"]
[BlackElo "2010"]
[Result "0-1"]
[Round "1"]
1.b3 d5
2.Bc1b2 c5
3.g3 Nb8c6
4.Bf1g2 Qd8d6
5.Nb1c3 d4
6.Nc3b5 Qd6d7
7.Bg2h3 e6
8.c4 Ng8f6
9.Qd1c2 a6
10.Nb5a3 Nc6b4
11.Qc2c1 Qd7c6
12.Ng1f3 Qc6e4
13.Bh3g2 Nb4d3
14.Kf1 Nd3xc1
15.Ra1xc1 Nf6g4
16.d3 Qe4f5
17.Nf3h4 Qf5xf2
{ resign }
0-1

[Event "Match"]
[Site "www.echecsemail.com"]
[Date "2018.04.19"]
[Round "1"]
[White "Liencam2"]
[Black "Lcbunghai"]
[WhiteElo "2320"]
[BlackElo "2010"]
[Result "1/2-1/2"]
[Round "1"]
1.e4 e6
2.d4 d5
3.Nb1d2 Nb8c6
4.Ng1f3 dxe4
5.Nd2xe4 Ng8f6
6.Ne4xf6 Qd8xf6
7.Bc1g5 Qf6f5
8.Bf1d3 Qf5a5
9.c3 Nc6xd4
10.Nf3xd4 Qa5xg5
11.Qd1f3 Bf8d6
12.Bd3e4 Ra8b8
13.a4 O-O
14.h4 Qg5e5
15.O-O-O Qe5f4
16.Kb1 Qf4xf3
17.Be4xf3 Bd6c5
18.Rd1d2 e5
19.Nd4b3 Bc5d6
20.Nb3a5 f5
21.Bf3d5 Kh8
22.h5 e4
23.Rh1d1 Bd6f4
24.Rd2d4 c5
25.Rd4c4 b5
26.Rc4xc5 bxa4
27.Na5c6 Rb8b7
28.g3 Bf4h6
29.Nc6e5 Rb7b8
30.Ne5f7 Rf8xf7
31.Bd5xf7 Bc8a6
32.Ka2 Ba6d3
33.Rc5xf5 Bd3c2
34.Rd1d7 Bh6c1
35.Rd7xa7 Rb8xb2
36.Ka1 Rb2b1
37.Ka2 Rb1b2
{ draw }
1/2-1/2

[Event "1/64 Finale"]
[Site "www.chess-mail.com"]
[Date "2018.04.19"]
[Round "1"]
[White "Julian"]
[Black "Mitja"]
[WhiteElo "1920"]
[BlackElo "1960"]
[Result "1-0"]
[Round "1"]
1.d4 d5
2.c4 dxc4
3.Nb1c3 c6
4.a4 a6
5.e4 e6
6.Bf1xc4 h6
7.Ng1f3 Ng8f6
8.O-O Bf8e7
9.e5 Nf6d5
10.Nc3xd5 cxd5
11.Bc4d3 Nb8c6
12.Bc1e3 Nc6b4
13.Bd3e2 Nb4c6
14.Ra1c1 O-O
15.Be2d3 Nc6b4
16.Bd3b1 Nb4c6
17.Qd1d3 g6
18.Be3xh6 Rf8e8
19.h4 Be7xh4
20.g3 Bh4e7
21.Nf3h2 Nc6b4
22.Qd3f3 Be7g5
23.Nh2g4 Bg5e7
24.Ng4f6 Be7xf6
25.exf6 Kh7
26.Bh6g7 Re8g8
27.Qf3h1 { resign }
1-0

[Event "Tourn. n9740"]
[Site "www.chess-mail.com"]
[Date "2018.04.20"]
[Round "1"]
[White "Aniruddhadg"]
[Black "Tartan"]
[WhiteElo "2440"]
[BlackElo "2510"]
[Result "1-0"]
[Round "1"]
1.d4 Ng8f6
2.c4 e6
3.g3 d5
4.Ng1f3 Bf8e7
5.Bf1g2 O-O
6.O-O Nb8d7
7.Qd1c2 dxc4
8.Qc2xc4 c5
9.dxc5 Be7xc5
10.Nb1c3 Qd8e7
11.Bc1g5 h6
12.Bg5h4 g5
13.Nf3xg5 hxg5
14.Bh4xg5 Qe7d6
15.Rf1d1 Qd6e5
16.Qc4h4 a5
17.Ra1c1 Ra8a6
18.Bg2e4 Kg7
19.Qh4h6 Kg8
20.Rd1xd7 Nf6xe4
21.Nc3xe4 Qe5xe4
22.Bg5f6 Qe4h7
23.Qh6g5 Qh7g6
24.Rc1xc5 Bc8xd7
25.Qg5h4 Qg6xf6
26.Qh4xf6 { resign }
1-0

[Event "Tourn. n9749"]
[Site "www.chess-mail.com"]
[Date "2018.04.20"]
[Round "1"]
[White "Gegonz"]
[Black "Cristiano"]
[WhiteElo "1610"]
[BlackElo "1750"]
[Result "1/2-1/2"]
[Round "1"]
1.Ng1f3 Ng8f6
2.e3 g6
3.d4 d6
4.c4 Bf8g7
5.Nb1c3 O-O
6.g3 c6
7.Bf1g2 Nb8d7
8.O-O e5
9.Nf3g5 h6
10.Ng5f3 Rf8e8
11.dxe5 Nd7xe5
12.Nf3xe5 dxe5
13.Qd1c2 Bc8f5
14.e4 Bf5d7
15.Bc1e3 Qd8c8
16.Ra1d1 Bd7e6
17.b3 Qc8c7
18.a3 b6
19.Rf1e1 Ra8d8
20.f3 Rd8xd1
21.Re1xd1 Re8d8
22.Rd1xd8 Qc7xd8
23.Qc2d2 Qd8xd2
24.Be3xd2 Nf6d7
25.h4 Nd7c5
26.b4 Nc5b7
27.Bg2f1 Nb7d6
28.b5 c5
29.Nc3d5 Kf8
30.Kf2 f5
31.Bf1d3 fxe4
32.fxe4 Nd6f7
33.Kf3 h5
34.Bd2c3 Be6g4
35.Kf2 { draw }
1/2-1/2

[Event "Tourn. n9698"]
[Site "www.chess-mail.com"]
[Date "2018.04.20"]
[Round "1"]
[White "Senitram"]
[Black "Seger"]
[WhiteElo "2660"]
[BlackElo "2760"]
[Result "0-1"]
[Round "1"]
1.c4 e5
2.Nb1c3 Ng8f6
3.Ng1f3 Nb8c6
4.g3 d5
5.cxd5 Nf6xd5
6.Bf1g2 Nd5b6
7.O-O Bf8e7
8.d3 O-O
9.Bc1e3 Bc8g4
10.a4 a5
11.Ra1c1 h6
12.Nf3d2 Bg4e6
13.Be3xb6 cxb6
14.Nd2c4 f6
15.Nc3b5 Be7c5
16.e3 Qd8d7
17.Qd1e2 Ra8d8
18.Rf1d1 Rf8e8
19.Bg2f3 Be6f7
20.Bf3g4 f5
21.Bg4h5 g6
22.Bh5f3 Re8e7
23.b3 Qd7e6
24.Rd1d2 Bc5b4
25.Rd2d1 Qe6f6
26.Bf3h1 Bb4c5
27.Bh1g2 Re7d7
28.Rc1c2 h5
29.Rc2b2 h4
30.Rb2d2 Kg7
31.Rd1c1 hxg3
32.hxg3 g5
33.Rc1d1 Rd7e7
34.Rd1c1 Rd8h8
35.Nb5c3 Qf6h6
36.b4 axb4
{ resign }
0-1

[Event "Tourn. n9739"]
[Site "www.chess-mail.com"]
[Date "2018.04.20"]
[Round "1"]
[White "Esperanza"]
[Black "Caspito"]
[WhiteElo "2040"]
[BlackElo "1950"]
[Result "0-1"]
[Round "1"]
1.d4 g6
2.c4 Bf8g7
3.Nb1c3 c6
4.e4 d6
5.h3 e5
6.d5 Ng8f6
7.Bc1g5 Nb8d7
8.Bf1d3 O-O
9.Qd1d2 Qd8b6
10.Ng1e2 Nd7c5
11.Bd3b1 Nc5xe4
12.Nc3xe4 Nf6xe4
13.Bb1xe4 a5
14.Bg5e7 Rf8e8
15.Be7xd6 cxd5
16.c5 Qb6a6
17.Be4xd5 Bg7f8
18.Bd6xf8 Kxf8
 { time }
0-1

[Event "Tourn. n9746"]
[Site "www.chess-mail.com"]
[Date "2018.04.20"]
[Round "1"]
[White "Pachi"]
[Black "Fegatux"]
[WhiteElo "1700"]
[BlackElo "1499"]
[Result "0-1"]
[Round "1"]
1.e4 d6
2.d4 Ng8f6
3.e5 dxe5
4.dxe5 Qd8xd1
5.Kxd1 Nf6e4
6.Bc1e3 e6
7.Bf1d3 Ne4c5
8.Be3xc5 Bf8xc5
9.Ng1h3 O-O
10.f4 h6
11.g3 b6
12.Nb1c3 Bc8b7
13.Rh1e1 Bb7g2
14.Nh3g1 c6
15.Nc3e4 Bc5xg1
16.Re1xg1 Bg2f3
17.Ke1 Nb8d7
18.Ne4d6 f6
19.Kf2 Bf3h5
20.g4 Bh5e8
21.Bd3c4 Be8f7
22.Ra1d1 Nd7c5
23.f5 b5
24.fxe6 Bf7xe6
25.Bc4xe6 Nc5xe6
26.exf6 Rf8xf6
27.Nd6f5 g6
28.Kg3 gxf5
29.gxf5 Rf6xf5
30.Kg4 Rf5g5
31.Kh4 Rg5xg1
32.Rd1xg1 Ne6g5
33.Kh5 Kh7
34.h4 Ng5e6
35.b3 Ra8f8
36.Rg1e1 Rf8f6
37.Re1e5 Rf6g6
38.c4 Ne6f4
{ resign }
0-1

[Event "Tourn. n9785"]
[Site "www.chess-mail.com"]
[Date "2018.04.20"]
[Round "1"]
[White "Andychesston"]
[Black "Fantomas"]
[WhiteElo "2140"]
[BlackElo "2190"]
[Result "0-1"]
[Round "1"]
1.e4 e5
2.Ng1f3 d6
3.d4 exd4
4.Nf3xd4 Ng8f6
5.Nb1c3 Bc8d7
6.Bc1g5 Nb8c6
7.Nc3d5 Bf8e7
8.Bg5xf6 Be7xf6
9.Nd4b5 Ra8c8
10.Ra1b1 a6
11.Nb5xd6 cxd6
12.Nd5b6 Qd8xb6
13.Qd1xd6 Qb6b4
14.Qd6xb4 Nc6xb4
15.c3 Nb4c6
16.f3 Bd7e6
17.a3 Bf6g5
18.h4 Bg5f4
19.Kf2 h5
20.g3 Bf4c7
21.Bf1h3 Be6xh3
22.Rh1xh3 Rc8d8
23.Ke3 Nc6e5
24.Rb1f1 Ne5c4
25.Ke2 Rd8d2
26.Ke1 Rd2xb2
27.Rf1f2 Rb2b1
28.Ke2 Bc7b6
29.Rf2h2 Ke7
30.f4 Rh8d8
31.g4 Rd8d2
32.Kf3 Rb1f1
33.Kg3 Rf1g1
34.Rh2g2 Rg1xg2
35.Kf3 hxg4

0-1

[Event "Tourn. n9758"]
[Site "www.chess-mail.com"]
[Date "2018.04.20"]
[Round "1"]
[White "Orhany24"]
[Black "Esperanza"]
[WhiteElo "2110"]
[BlackElo "2040"]
[Result "1-0"]
[Round "1"]
1.e4 c5
2.f4 d6
3.Ng1f3 Ng8f6
4.d3 e6
5.c4 Bf8e7
6.Nb1c3 O-O
7.Bf1e2 Nb8c6
8.O-O a6
9.a3  { time }
1-0

[Event "Tourn. n9727"]
[Site "www.chess-mail.com"]
[Date "2018.04.20"]
[Round "1"]
[White "Bojan"]
[Black "Esperanza"]
[WhiteElo "1970"]
[BlackElo "2040"]
[Result "1-0"]
[Round "1"]
1.e4 c5
2.Bf1c4 d6
3.Nb1c3 e6
4.d4 cxd4
5.Qd1xd4 Ng8f6
6.Ng1f3 Bf8e7
7.O-O O-O
8.Bc1e3 Nb8c6
9.Qd4d2 a6
10.a3 b5
11.Bc4d3 Bc8b7
12.h3 Qd8c7
13.Nc3e2 Ra8c8
14.Ne2g3 Rf8d8
15.Qd2e2 Nc6a5
16.Rf1c1 Na5c4
17.Be3d4 d5
18.e5 Nf6d7
19.b3 Nc4xa3
20.Qe2e3 b4
21.Bd4b2 h6
22.Qe3f4 f5
23.Qf4e3 Rd8f8
24.Qe3e2  { time }
1-0